| 000 | 00472nam a2200157 4500 | ||
|---|---|---|---|
| 020 | _a9780073532066 (alk. paper) | ||
| 020 | _a0073532061 (alk. paper) | ||
| 050 |
_aBF 77 _b.K53 2011 |
||
| 100 | _aKing, Laura A. | ||
| 245 |
_aThe science of psychology : _ban appreciative view _cLaura A. King |
||
| 250 | _a 2nd ed. | ||
| 260 |
_aNew York : _bMcGraw-Hill, _c c2011. |
||
| 300 | _aseveral pagings | ||
| 650 | _bPsychology--Study and teaching. | ||
| 942 |
_2lcc _cGEN |
||
| 999 |
_c9050 _d9050 |
||